[Event "8th ch-Euro"]
[Site "Dresden GER"]
[Date "2007.04.07"]
[Round "5"]
[White "Dizdar,G"]
[Black "Strohhaeker,Rao"]
[Result "1-0"]
[WhiteElo "2541"]
[BlackElo "2386"]
[EventDate "2007.04.03"]

1. d4 Nf6 2. Nf3 c5 3. d5 b5 4. Bg5 Ne4 5. Bh4 Bb7 6. e3 Qa5+ 7. c3 Na6 8.
Nbd2 Nxd2 9. Qxd2 f5 10. Bd3 Bxd5 11. Bxf5 e6 12. Qd3 Be7 13. Bg6+ hxg6 14.
Qxg6+ Kd8 15. Bxe7+ Kxe7 16. Qxg7+ Kd6 17. e4 Bc6 18. Qe5+ Ke7 19. Qg7+ Kd6
20. Qg3+ Ke7 21. Qg5+ Kd6 22. Qf4+ Ke7 23. Ne5 Raf8 24. Qg5+ Ke8 25. Qg6+
Kd8 26. Nxc6+ dxc6 27. Qxe6 Kc7 28. O-O-O Rd8 29. e5 b4 30. Qe7+ Kb8 31.
Rxd8+ Rxd8 32. Rd1 Rxd1+ 33. Kxd1 bxc3 34. Qf8+ Kb7 35. Qf7+ Nc7 36. Qb3+
Nb5 37. bxc3 c4 38. Qxc4 Nxc3+ 39. Kc2 Nb5 40. Qf7+ Kb6 41. Qb3 Kc5 42.
Qe3+ Nd4+ 43. Kd3 Qb5+ 44. Ke4 Qb1+ 45. Qd3 Qe1+ 46. Qe3 Qb4 47. h4 Qc4 48.
Qa3+ Kb6 49. Qb2+ Nb5+ 50. Kf5 Qxh4 51. g4 Qh7+ 52. Kg5 Kc5 53. f4 Nd4 54.
f5 Kd5 55. e6 Qg7+ 56. Kh5 Ke4 57. Qb1+ Ke5 58. Qe1+ Kd5 59. Qh1+ Ke5 60.
Qe1+ Kd6 61. Qg3+ Kc5 62. Qf4 Kd5 63. Qh6 Qc7 64. Qf8 Qh7+ 65. Kg5 Ke5 66.
Qc5+ Ke4 67. e7 Qg7+ 68. Kh5 Qh8+ 69. Kg6 Qg8+ 70. Kf6 Qe8 71. Qc4 c5 72.
Qf7 Qh8+ 73. Kg6 Nf3 74. e8=Q Ne5+ 75. Qxe5+ Kxe5 76. f6 Qc8 77. Qc4 Qe8+
78. f7 Qc6+ 79. Kh7 Qd6 80. Qe2+ Kf4 81. Qh2+ 1-0

[Event "8th ch-Euro"]
[Site "Dresden GER"]
[Date "2007.04.07"]
[Round "5"]
[White "Iskusnyh,S"]
[Black "Naumann,A"]
[Result "0-1"]
[WhiteElo "2482"]
[BlackElo "2549"]
[EventDate "2007.04.03"]

1. d4 Nf6 2. c4 e6 3. g3 d5 4. Nf3 dxc4 5. Bg2 a6 6. O-O Nc6 7. e3 Bd7 8.
Nc3 Nd5 9. Nd2 Nb6 10. Qe2 Na5 11. Nde4 Be7 12. Rd1 O-O 13. Nc5 Bc6 14.
N3e4 Bd5 15. Bd2 Nc6 16. Be1 Bxc5 17. dxc5 Nd7 18. Bc3 Qe7 19. Qh5 h6 20.
g4 Bxe4 21. Bxe4 Nf6 22. Bxf6 Qxf6 23. f4 Qxb2 24. g5 Qc3 25. Re1 g6 26.
Qxh6 Na5 27. Qh3 Rad8 28. Rac1 Qh8 29. Qg2 c3 30. Re2 Nc4 31. Bxg6 Rd2 32.
Be4 Nxe3 33. Rxe3 Rxg2+ 34. Kxg2 Qh4 35. Rcxc3 Rd8 36. Rcd3 Qg4+ 37. Rg3
Qe2+ 38. Kh3 Rxd3 39. Bxd3 Qxa2 40. f5 exf5 41. Bxf5 Qf2 42. Be4 c6 43. Rf3
Qe1 44. Rf4 a5 45. Bf3 Qf2 46. g6 Qf1+ 47. Kh4 Qe1+ 48. Kg5 Qe5+ 49. Rf5
Qe7+ 50. Kh5 fxg6+ 51. Kxg6 Qg7+ 52. Kh5 Qh7+ 53. Kg5 Qxh2 54. Bh5 a4 55.
Kf6 Qh4+ 56. Ke6 Kg7 57. Be8 Qe4+ 58. Re5 Qxe5+ 0-1

[Event "8th ch-Euro"]
[Site "Dresden GER"]
[Date "2007.04.07"]
[Round "5"]
[White "Ziska,H"]
[Black "Gajewski,G"]
[Result "0-1"]
[WhiteElo "2388"]
[BlackElo "2540"]
[EventDate "2007.04.03"]

1. e4 e5 2. Nc3 Nf6 3. Bc4 Nc6 4. d3 Na5 5. Nge2 c6 6. a3 Nxc4 7. dxc4 d6
8. O-O Be7 9. Qd3 O-O 10. Ng3 g6 11. Kh1 Be6 12. b3 d5 13. cxd5 cxd5 14.
exd5 Nxd5 15. Bb2 f6 16. Nce2 b5 17. f4 exf4 18. Qe4 Qd6 19. Nxf4 Nxf4 20.
Rxf4 f5 21. Qf3 Bd5 22. Qd3 Qc6 23. Rf2 f4 24. Ne2 f3 25. Kg1 Be4 26. Nd4
Qd5 27. Qc3 Bf6 28. gxf3 Bxf3 29. Raf1 Qg5+ 0-1

[Event "8th ch-Euro"]
[Site "Dresden GER"]
[Date "2007.04.07"]
[Round "5"]
[White "Georgiev,Vl"]
[Black "Philippe,C"]
[Result "1-0"]
[WhiteElo "2525"]
[BlackElo "2364"]
[EventDate "2007.04.03"]

1. d4 Nf6 2. c4 c5 3. d5 e6 4. Nc3 exd5 5. cxd5 d6 6. e4 g6 7. Bd3 Bg7 8.
Nge2 O-O 9. O-O Na6 10. h3 Re8 11. Bg5 h6 12. Bh4 g5 13. Bg3 c4 14. Bc2 Nc5
15. f3 Bd7 16. Kh1 Qe7 17. Bh2 Rac8 18. Qd2 b5 19. Nd4 a6 20. Nce2 Nh7 21.
b4 Na4 22. Rae1 c3 23. Qc1 Rc4 24. Nc6 Bxc6 25. dxc6 Rxc6 26. Ng3 Nb2 27.
Nf5 Qf8 28. f4 Nc4 29. Bb3 Nd2 30. Bd5 Nxf1 31. Bxc6 Rc8 32. Bb7 Rc7 33.
Rxf1 Rxb7 34. fxg5 Nxg5 35. Bxd6 Qd8 36. e5 Ne4 37. Qf4 Nxd6 38. exd6 Rd7
39. Qg4 f6 40. Nxh6+ Kh7 41. Nf5 Qe8 42. Qh4+ Kg8 43. Re1 Qf7 44. Qg3 Qc4
45. Qg6 1-0

[Event "8th ch-Euro"]
[Site "Dresden GER"]
[Date "2007.04.07"]
[Round "5"]
[White "Hindermann,F"]
[Black "Narciso Dublan,M"]
[Result "1/2-1/2"]
[WhiteElo "2260"]
[BlackElo "2537"]
[EventDate "2007.04.03"]

1. e4 g6 2. d4 Bg7 3. Nc3 c6 4. f4 d5 5. e5 Nh6 6. Nf3 O-O 7. Bd3 f6 8. O-O
Bg4 9. h3 Bxf3 10. Rxf3 fxe5 11. fxe5 e6 12. Rxf8+ Qxf8 13. Ne2 Nd7 14. Bg5
Nf7 15. Be3 Bh6 16. Qd2 Bxe3+ 17. Qxe3 Qh6 18. Qxh6 Nxh6 19. g4 Kf8 20. Kg2
Ke7 21. Kg3 c5 22. c3 Rg8 23. Rh1 Rg7 24. h4 Nb8 25. Rf1 Nc6 26. Rf4 cxd4
27. cxd4 Rf7 28. Rf6 Ng8 29. Rxf7+ Kxf7 30. Kf4 h6 31. g5 h5 32. Ke3 Nge7
33. Nf4 Nb4 34. Bb1 Na6 35. Kd2 Nc7 36. Bd3 Ne8 37. Ne2 Ng7 38. Ng3 Ngf5
39. Bxf5 gxf5 40. Nxh5 Ng6 41. Ke3 Nxh4 42. Nf4 Ng6 43. Nd3 Nf8 44. Nf4 Ng6
45. Nd3 1/2-1/2

[Event "8th ch-Euro"]
[Site "Dresden GER"]
[Date "2007.04.07"]
[Round "5"]
[White "Kalvaitis,S"]
[Black "Pashikian,A"]
[Result "0-1"]
[WhiteElo "2201"]
[BlackElo "2532"]
[EventDate "2007.04.03"]

1. e4 e5 2. Nf3 Nc6 3. Bb5 a6 4. Bxc6 dxc6 5. O-O Bd6 6. d4 exd4 7. Qxd4 f6
8. Be3 Qe7 9. Nbd2 Be6 10. Nc4 Bxc4 11. Qxc4 O-O-O 12. Rfe1 Re8 13. Bd2 c5
14. c3 Qe6 15. Qd3 Ne7 16. b4 Rd8 17. Qf1 Ng6 18. bxc5 Bxc5 19. Be3 Bd6 20.
Bd4 Ne5 21. Nxe5 Bxe5 22. Bxe5 Qxe5 23. Qc4 Rhe8 24. Re2 Rd6 25. Rae1 Ree6
26. g3 Rc6 27. Qb4 Red6 28. Re3 a5 29. Qb3 Qe6 30. Qa3 b6 31. e5 fxe5 32.
Rxe5 Qf6 33. Qb2 Kb7 34. Kg2 Rd3 35. Rxa5 Qf3+ 36. Kg1 Re6 37. Rf1 Rxc3 38.
Rf5 Qxf5 39. Qxc3 Qe5 40. Qf3+ Qe4 41. Qc3 g6 42. Qb3 h5 43. h4 Rd6 44. Rc1
Rc6 45. Rxc6 Kxc6 46. Qg8 Kb7 47. Qb3 c5 48. a4 c4 49. Qc3 Ka6 50. Kf1 Qb1+
51. Ke2 Qa2+ 52. Ke3 Qxa4 53. Kd4 Kb5 54. Qe1 c3+ 55. Kd3 Qc4+ 56. Kc2 Qa2+
57. Kd3 Qd2+ 58. Qxd2 cxd2 59. Kxd2 Kc4 60. f3 Kd4 61. f4 b5 0-1

[Event "8th ch-Euro"]
[Site "Dresden GER"]
[Date "2007.04.07"]
[Round "5"]
[White "Womacka,M"]
[Black "Sargissian,G"]
[Result "1/2-1/2"]
[WhiteElo "2448"]
[BlackElo "2658"]
[EventDate "2007.04.03"]

1. e4 e5 2. Nf3 Nc6 3. Bb5 Nf6 4. O-O Nxe4 5. d4 Nd6 6. Bxc6 dxc6 7. dxe5
Nf5 8. Qxd8+ Kxd8 9. Nc3 h6 10. h3 Ke8 11. a3 Ne7 12. Be3 a6 13. Rad1 b6
14. Rfe1 c5 15. e6 Bxe6 16. Bf4 Rc8 17. Bh2 b5 18. Ne5 Rd8 19. Nd3 Nd5 20.
Nxd5 Rxd5 21. Bxc7 Kd7 22. Be5 Kc8 23. g4 Bd7 24. Nf4 Rxd1 25. Rxd1 Bc6 26.
Kh2 Rg8 27. Kg3 Be7 28. Nd5 Bd8 29. Bd6 c4 30. Ne7+ Bxe7 31. Bxe7 Be4 32.
Bb4 Bxc2 33. Rd6 Rd8 34. Rxd8+ Kxd8 35. Bf8 g6 36. Bxh6 f5 37. Bd2 1/2-1/2

[Event "8th ch-Euro"]
[Site "Dresden GER"]
[Date "2007.04.07"]
[Round "5"]
[White "Miroshnichenko,E"]
[Black "Banusz,T"]
[Result "1-0"]
[WhiteElo "2632"]
[BlackElo "2459"]
[EventDate "2007.04.03"]

1. d4 d5 2. c4 c6 3. Nf3 Nf6 4. Qc2 g6 5. Bf4 Bg7 6. e3 O-O 7. Nbd2 Nbd7 8.
Rc1 Nb6 9. c5 Nbd7 10. h3 Ne8 11. Bd3 Nc7 12. h4 Nf6 13. h5 Nxh5 14. Rxh5
gxh5 15. Bxh7+ Kh8 16. Ke2 Ne8 17. Rh1 Nf6 18. Be5 Qd7 19. Rh4 Nxh7 20.
Rxh5 f5 21. Ng5 Bxe5 22. Rxh7+ Kg8 23. dxe5 Qe8 24. f4 b6 25. Ndf3 Rb8 26.
b3 Qg6 27. Qc1 e6 28. Qh1 Rb7 29. Rh6 Qg7 30. Qh5 bxc5 31. Nh4 1-0

[Event "8th ch-Euro"]
[Site "Dresden GER"]
[Date "2007.04.07"]
[Round "5"]
[White "Esen,B"]
[Black "Asrian,K"]
[Result "1/2-1/2"]
[WhiteElo "2447"]
[BlackElo "2634"]
[EventDate "2007.04.03"]

1. d4 Nf6 2. c4 c6 3. Nf3 d5 4. e3 Bf5 5. Nc3 e6 6. Nh4 Bg6 7. Nxg6 hxg6 8.
Bd2 Nbd7 9. Qc2 Bd6 10. cxd5 exd5 11. g3 Nf8 12. Bg2 Ne6 13. O-O-O Qc7 14.
Kb1 O-O-O 15. Rc1 Kb8 16. h4 Qe7 17. f4 Nc7 18. a3 Rhe8 19. Bf3 Qe6 20.
Rce1 Qd7 21. Bc1 Re7 22. Qd1 a6 23. g4 Nb5 24. Nxb5 axb5 25. g5 Ne4 26.
Bxe4 Rxe4 27. Bd2 Rde8 28. h5 gxh5 29. Qxh5 Qf5 30. Ka2 R4e7 31. Qd1 Kc7
32. Qb3 Kd7 33. Reg1 g6 34. Rg3 Ra8 35. Rgh3 Qg4 36. Kb1 Qe2 37. Qc2 Qc4
38. Rh8 Rxh8 39. Rxh8 Re8 40. Rh7 Qxc2+ 41. Kxc2 Ke6 42. Kd3 Ra8 43. Bb4
Bxb4 44. axb4 Ke7 45. Rh1 Kd6 46. Rh2 Ke6 47. Rh7 Re8 48. Rh1 Kf5 49. Rh7
Rf8 50. Rh4 Ra8 51. Rh7 Ke6 52. Kc3 Rf8 53. Kd3 Kf5 54. Rh4 Ra8 55. Rh7
1/2-1/2

[Event "8th ch-Euro"]
[Site "Dresden GER"]
[Date "2007.04.07"]
[Round "5"]
[White "Graf,A"]
[Black "Gasthofer,A"]
[Result "0-1"]
[WhiteElo "2610"]
[BlackElo "2450"]
[EventDate "2007.04.03"]

1. d4 Nf6 2. c4 e6 3. Nc3 d5 4. cxd5 exd5 5. Bg5 Be7 6. e3 O-O 7. Bd3 Nbd7
8. Nge2 Re8 9. O-O Nf8 10. b4 Ne6 11. Bh4 g5 12. Bg3 Bxb4 13. Be5 c6 14.
Qb1 Bxc3 15. Nxc3 Nf8 16. h3 g4 17. Bxf6 Qxf6 18. hxg4 Bxg4 19. Qxb7 Qd6
20. Qb1 Re6 21. Ne2 Rh6 22. Ng3 Qf6 23. Bf5 Qh4 24. Rc1 Qh2+ 25. Kf1 Qh1+
0-1

[Event "8th ch-Euro"]
[Site "Dresden GER"]
[Date "2007.04.07"]
[Round "5"]
[White "Grunberg,M"]
[Black "Kacheishvili,G"]
[Result "0-1"]
[WhiteElo "2439"]
[BlackElo "2587"]
[EventDate "2007.04.03"]

1. Nf3 g6 2. c4 Bg7 3. d4 c5 4. e3 Nf6 5. Nc3 O-O 6. Be2 cxd4 7. Nxd4 Nc6
8. O-O d5 9. cxd5 Nxd5 10. Nxd5 Qxd5 11. Bf3 Qc5 12. Nxc6 bxc6 13. Qa4 Be6
14. Bd2 Bxb2 15. Rab1 Rab8 16. Bc1 Bf6 17. Ba3 Qc4 18. Bxc6 Qxa4 19. Bxa4
Bxa2 20. Rbc1 Rfc8 21. e4 Kg7 22. Bc5 a6 23. Rfe1 Rc7 24. Rc2 Bb1 25. Bd6
Bxc2 26. Bxc7 Rb2 27. e5 Bh4 28. Bc6 Ba4 29. g3 Bxg3 30. hxg3 Bxc6 31. Ba5
Ra2 32. Bc3 Rc2 33. Bb4 e6 34. Ra1 g5 35. f4 Rg2+ 36. Kf1 Rxg3 37. fxg5
Rxg5 38. Kf2 Rf5+ 39. Kg3 Bb7 40. Rd1 Kg6 41. Rd7 Rg5+ 42. Kf4 Rf5+ 43. Kg3
Rxe5 44. Rxb7 Rb5 45. Rxb5 axb5 46. Kf4 h5 47. Bc3 f6 48. Bd2 e5+ 49. Ke4
h4 50. Be1 Kg5 0-1

[Event "8th ch-Euro"]
[Site "Dresden GER"]
[Date "2007.04.07"]
[Round "5"]
[White "Kaplan,S"]
[Black "Luther,T"]
[Result "1-0"]
[WhiteElo "2417"]
[BlackElo "2580"]
[EventDate "2007.04.03"]

1. e4 e6 2. d4 d5 3. Nd2 c5 4. exd5 exd5 5. Ngf3 Nf6 6. Bb5+ Bd7 7. Qe2+
Be7 8. dxc5 O-O 9. Nb3 Re8 10. Be3 a6 11. Bd3 Ba4 12. Nfd4 Nbd7 13. O-O
Bxb3 14. axb3 Bxc5 15. Qd1 Qc7 16. c3 Bd6 17. h3 g6 18. Re1 Bh2+ 19. Kh1
Bf4 20. Bxf4 Rxe1+ 21. Qxe1 Qxf4 22. g3 Qd6 23. Qd2 Ne4 24. Qc2 Re8 25. Kg2
h5 26. h4 Ndf6 27. Re1 Ng4 28. Kg1 f5 29. Bxe4 dxe4 30. b4 e3 31. f4 Kh7
32. Qb3 Re7 33. Kg2 b6 34. Qc4 a5 35. b5 a4 36. Qc6 Qd8 37. Kg1 Ra7 38. Nf3
Kg7 39. Nd4 Kh7 40. Nf3 Kh6 41. Nd4 Rf7 42. Ra1 Kh7 43. Kf1 Qe7 44. Ke2 Rf6
45. Qf3 Qa7 46. Qd5 Rf8 47. Ne6 Re8 48. Rxa4 Qe7 49. Ng5+ Kg7 50. Qc6 Kh6
51. Qxb6 Nf6 52. Ra7 Nd7 53. Qc6 Rd8 54. Ne6 1-0

[Event "8th ch-Euro"]
[Site "Dresden GER"]
[Date "2007.04.07"]
[Round "5"]
[White "Sanikidze,T"]
[Black "Atalik,S"]
[Result "1/2-1/2"]
[WhiteElo "2446"]
[BlackElo "2586"]
[EventDate "2007.04.03"]

1. d4 Nf6 2. c4 g6 3. Nc3 d5 4. Bg5 Ne4 5. Bh4 Nxc3 6. bxc3 dxc4 7. e3 Be6
8. Qb1 b6 9. Nh3 Bh6 10. Bg5 Bxg5 11. Nxg5 Qd5 12. h4 c6 13. e4 Qd7 14. h5
gxh5 15. Rxh5 Na6 16. Nxe6 Qxe6 17. Re5 Qd6 18. Bxc4 Nc7 19. Qb4 Qxb4 20.
cxb4 Rd8 21. Rd1 h5 22. Ke2 h4 23. Ke3 e6 24. Rg5 Ke7 25. Rh1 Rd7 26. Rg4
Rhd8 27. e5 b5 28. Bb3 Nd5+ 29. Bxd5 cxd5 30. Rc1 a5 31. bxa5 Ra8 32. Rxh4
Rxa5 33. Rh8 Rxa2 34. Rcc8 Rda7 35. Kf3 Rd2 36. Ke3 Rb2 37. g4 Ra3+ 38. Kf4
Rxf2+ 39. Kg5 Kd7 40. Rhd8+ Ke7 41. Re8+ Kd7 42. Red8+ Ke7 43. Kh6 Rh2+ 44.
Kg7 b4 45. Rf8 Kd7 46. Rfd8+ Ke7 1/2-1/2

[Event "8th ch-Euro"]
[Site "Dresden GER"]
[Date "2007.04.07"]
[Round "5"]
[White "Kurnosov,I"]
[Black "Ris,R"]
[Result "1-0"]
[WhiteElo "2580"]
[BlackElo "2403"]
[EventDate "2007.04.03"]

1. e4 c5 2. Nf3 e6 3. d4 cxd4 4. Nxd4 Nf6 5. Nc3 Nc6 6. Ndb5 d6 7. Bf4 e5
8. Bg5 a6 9. Na3 b5 10. Nd5 Be7 11. Bxf6 Bxf6 12. c3 Ne7 13. Nxf6+ gxf6 14.
g3 Bb7 15. Bg2 f5 16. Qe2 O-O 17. Nc2 fxe4 18. Bxe4 d5 19. Bg2 Qd6 20. O-O
Rad8 21. a4 Bc6 22. Nb4 Be8 23. a5 f5 24. f4 e4 25. Rfd1 Qc5+ 26. Qf2 Qxf2+
27. Kxf2 Rf6 28. Rd2 Rfd6 29. Ke3 Kf7 30. Bf1 Ke6 31. Rad1 Bh5 32. Rc1 Kf6
33. Rcc2 Ke6 34. Rd4 Bf7 35. Rcd2 Kf6 36. Be2 Nc6 37. Nxc6 Rxc6 38. c4 Rc5
39. b4 Rcc8 40. c5 Ke7 41. Bd1 Kd7 42. g4 Kc6 43. gxf5 Rg8 44. Bb3 Rcd8 45.
Rxe4 d4+ 46. Rexd4 Rxd4 47. Bxf7 Rxd2 48. Bxg8 Rxh2 49. f6 Rh6 50. f7 Rf6
51. Ke4 Kd7 52. c6+ Ke7 53. Kd5 Rf5+ 54. Kd4 Rxf4+ 55. Kc5 h5 56. Kb6 h4
57. c7 Rc4 58. f8=Q+ 1-0

[Event "8th ch-Euro"]
[Site "Dresden GER"]
[Date "2007.04.07"]
[Round "5"]
[White "Lupulescu,C"]
[Black "Zueger,B"]
[Result "1-0"]
[WhiteElo "2566"]
[BlackElo "2415"]
[EventDate "2007.04.03"]

1. e4 c5 2. Nf3 d6 3. d4 cxd4 4. Nxd4 Nf6 5. f3 Nc6 6. c4 g6 7. Be3 Bg7 8.
Nc3 O-O 9. Be2 Nh5 10. Nc2 f5 11. exf5 Bxf5 12. O-O Bxc2 13. Qxc2 Bd4 14.
Bxd4 Nxd4 15. Qd2 e5 16. Bd3 Rc8 17. b3 Qa5 18. Kh1 Nf4 19. Rad1 b5 20.
Nxb5 Qxd2 21. Rxd2 Nxb5 22. cxb5 d5 23. Re1 Nxd3 24. Rxd3 d4 25. h3 Rc5 26.
a4 Rfc8 27. f4 Rc1 28. Rdd1 Rxd1 29. Rxd1 Kf7 30. fxe5 Rd8 31. Kg1 Ke6 32.
Kf2 Rd7 33. Ke2 Kxe5 34. Rc1 Ke4 35. Rc4 Re7 36. Rc5 Rf7 37. Rc4 Re7 38.
Rb4 Kd5+ 39. Kd2 Kc5 40. Rc4+ Kd5 41. Rc8 Re3 42. Rc7 Rxb3 43. Rxh7 Rb2+
44. Kd3 a6 45. Rd7+ Ke6 46. bxa6 Rb3+ 47. Kc4 Rc3+ 48. Kxd4 Ra3 49. Ra7
Rxa4+ 50. Kc5 Ra2 51. Ra8 Rxg2 52. a7 Rc2+ 53. Kd4 1-0

[Event "8th ch-Euro"]
[Site "Dresden GER"]
[Date "2007.04.07"]
[Round "5"]
[White "Cvitan,O"]
[Black "Wippermann,T"]
[Result "1/2-1/2"]
[WhiteElo "2536"]
[BlackElo "2403"]
[EventDate "2007.04.03"]

1. c4 e5 2. g3 Nc6 3. Bg2 f5 4. Nc3 Nf6 5. d3 Bb4 6. Bd2 O-O 7. Nd5 Bxd2+
8. Qxd2 d6 9. e3 Ne7 10. Ne2 c6 11. Nxf6+ Rxf6 12. O-O Ng6 13. f4 Bd7 14.
b4 exf4 15. exf4 a5 16. a3 Rf8 17. Kh1 axb4 18. axb4 Qf6 19. Qc3 Qxc3 20.
Nxc3 Ne7 21. Kg1 Kf7 22. Kf2 Rfb8 23. Rfb1 Nc8 24. Bf3 Ke7 25. d4 Kd8 26.
c5 dxc5 27. bxc5 Rxa1 28. Rxa1 Ne7 29. Ke3 b6 30. Na4 Nc8 31. cxb6 Nxb6 32.
Nc5 Ra8 33. Rb1 Nc4+ 34. Kd3 Nd6 35. Rb3 Kc7 36. d5 cxd5 37. Nxd7 Kxd7 38.
Bxd5 Ra1 39. Ke3 Rd1 40. Rd3 Rxd3+ 41. Kxd3 1/2-1/2

[Event "8th ch-Euro"]
[Site "Dresden GER"]
[Date "2007.04.07"]
[Round "5"]
[White "Neverov,V"]
[Black "Erdogdu,M"]
[Result "1-0"]
[WhiteElo "2539"]
[BlackElo "2409"]
[EventDate "2007.04.03"]

1. d4 Nf6 2. c4 g6 3. Nf3 Bg7 4. g3 O-O 5. Bg2 d6 6. O-O Nc6 7. Nc3 a6 8.
h3 Rb8 9. e4 e5 10. Be3 Bd7 11. Rc1 exd4 12. Nxd4 Re8 13. Nde2 h5 14. c5
dxc5 15. Bxc5 Qc8 16. Kh2 b6 17. Be3 Ne5 18. Bg5 Nh7 19. Bf4 c5 20. Nd5 g5
21. Bxe5 Bxe5 22. f4 gxf4 23. gxf4 Bh8 24. Nec3 Bd4 25. Qxh5 Qc6 26. e5 Qg6
27. Qxg6+ fxg6 28. Ne2 Bb5 29. Rc2 g5 30. Rd1 Bxe2 31. Rxe2 gxf4 32. e6
Rbd8 33. Nxf4 Be5 34. Rf1 Rxe6 35. Kh1 Ree8 36. Bd5+ Kh8 37. Rfe1 Rf8 38.
Ng6+ Kg7 39. Nxf8 1-0

[Event "8th ch-Euro"]
[Site "Dresden GER"]
[Date "2007.04.07"]
[Round "5"]
[White "Chuchelov,V"]
[Black "Spiess,Gu"]
[Result "1-0"]
[WhiteElo "2539"]
[BlackElo "2398"]
[EventDate "2007.04.03"]

1. d4 d5 2. c4 c6 3. Nf3 Nf6 4. e3 e6 5. Bd3 Nbd7 6. O-O Bd6 7. Nbd2 O-O 8.
e4 dxe4 9. Nxe4 Nxe4 10. Bxe4 h6 11. Bc2 e5 12. b3 Re8 13. Re1 exd4 14.
Rxe8+ Qxe8 15. Qxd4 Bc5 16. Qd3 Nf6 17. Bb2 Qd7 18. Qc3 Qe7 19. a3 a5 20.
Re1 Be6 21. Nd4 Bxa3 22. Nf5 Qb4 23. Nxh6+ Kf8 24. Ra1 Qxc3 25. Bxc3 Bc5
26. Nf5 Bb6 27. b4 Bxc4 28. bxa5 Bc5 29. h3 Re8 30. Ra4 Be6 31. Nxg7 Kxg7
32. Rf4 Be7 33. g4 Rg8 34. Kf1 Rh8 35. g5 Bxh3+ 36. Ke2 Kf8 37. gxf6 Bd6
38. Rd4 Bc7 39. Bb4+ Ke8 40. Re4+ Kd8 41. Bb3 Rh7 42. Re7 Bg4+ 43. Kd2 Bf4+
44. Kc2 Bf5+ 45. Kb2 Bd7 46. Bc3 Bd6 47. Rxf7 Rh2 48. Bd4 Rh4 49. Bb6+ Ke8
50. Rg7 1-0

[Event "8th ch-Euro"]
[Site "Dresden GER"]
[Date "2007.04.07"]
[Round "5"]
[White "Sievers,S"]
[Black "Iljin,A"]
[Result "0-1"]
[WhiteElo "2376"]
[BlackElo "2529"]
[EventDate "2007.04.03"]

1. c4 e5 2. g3 Nc6 3. Bg2 g6 4. Nc3 Bg7 5. e4 d6 6. Nge2 Nge7 7. d3 O-O 8.
O-O Be6 9. Nd5 Qd7 10. Be3 f5 11. f3 h6 12. Qd2 Kh7 13. Rad1 Rae8 14. b3
Rf7 15. Rde1 Ref8 16. Kh1 fxe4 17. dxe4 Nd8 18. Rd1 b6 19. Nxe7 Qxe7 20.
Nc3 Bc8 21. Nb5 a6 22. Nc3 Ne6 23. Rf2 h5 24. Rdf1 h4 25. Bh3 Qd8 26. Kg2
hxg3 27. hxg3 Nf4+ 28. Bxf4 Bxh3+ 29. Kxh3 exf4 30. g4 Rh8 31. Rg1 Kg8+ 32.
Kg2 Be5 33. Kf1 c6 34. Ke1 b5 35. Qd3 Qb6 36. Rgg2 Rh1+ 37. Rf1 Rfh7 38.
Rxh1 Rxh1+ 39. Ke2 Qa5 40. Nb1 0-1

[Event "8th ch-Euro"]
[Site "Dresden GER"]
[Date "2007.04.07"]
[Round "5"]
[White "Pitl,G"]
[Black "Heberla,B"]
[Result "1/2-1/2"]
[WhiteElo "2357"]
[BlackElo "2557"]
[EventDate "2007.04.03"]

1. e4 e6 2. d4 d5 3. Nd2 Nf6 4. e5 Nfd7 5. c3 c5 6. f4 cxd4 7. cxd4 Nc6 8.
Ndf3 f5 9. Bd3 Nb6 10. Ne2 Be7 11. O-O Bd7 12. Kh1 O-O 13. Rg1 Be8 14. g4
Bg6 15. Ng5 Bxg5 16. fxg5 fxg4 17. Bxg6 hxg6 18. Rxg4 Rf5 19. Nf4 Kf7 20.
h4 Qc7 21. Rg2 Rh8 22. Rh2 Nc4 23. b3 N4xe5 24. dxe5 Qxe5 25. Qe2 Qxe2 26.
Nxe2 Ne5 27. Nd4 Rf1+ 28. Kg2 Rd1 29. Bb2 Rd2+ 30. Kg3 Rxh2 31. Kxh2 Rxh4+
32. Kg3 Rg4+ 33. Kh3 Rxg5 34. Rc1 Nd3 35. Rc7+ Kg8 36. Bc3 Nf4+ 37. Kh4 Rg2
38. Nf3 g5+ 39. Nxg5 Ng6+ 40. Kh5 Nf4+ 41. Kh4 Ng6+ 1/2-1/2

[Event "8th ch-Euro"]
[Site "Dresden GER"]
[Date "2007.04.07"]
[Round "5"]
[White "Shanava,K"]
[Black "Atakisi,U"]
[Result "1-0"]
[WhiteElo "2513"]
[BlackElo "2384"]
[EventDate "2007.04.03"]

1. e4 c5 2. b3 Nc6 3. Bb2 a6 4. f4 d5 5. exd5 Qxd5 6. Nc3 Qd6 7. g3 Nf6 8.
Bg2 Nd4 9. Nce2 g6 10. Nf3 Nxf3+ 11. Bxf3 Bg7 12. Be5 Qb6 13. Nc3 O-O 14.
Qe2 Bd7 15. O-O-O Bc6 16. g4 Bxf3 17. Qxf3 Rac8 18. h4 Qc6 19. Qe2 c4 20.
h5 cxb3 21. axb3 b5 22. hxg6 b4 23. g5 fxg6 24. gxf6 exf6 25. Qh2 fxe5 26.
Qxh7+ Kf7 27. fxe5 bxc3 28. dxc3 Ke8 29. Qxg7 Qe6 30. Rd6 Qf7 31. Qxf7+
Kxf7 32. Rf1+ Kg7 33. Rg1 Rxc3 34. Rgxg6+ Kh7 35. Rh6+ Kg7 36. Rdg6+ Kf7
37. Rf6+ Ke8 38. Rxf8+ 1-0

[Event "8th ch-Euro"]
[Site "Dresden GER"]
[Date "2007.04.07"]
[Round "5"]
[White "David,Alb"]
[Black "Erturan,Y"]
[Result "1-0"]
[WhiteElo "2528"]
[BlackElo "2360"]
[EventDate "2007.04.03"]

1. e4 e5 2. Nf3 Nc6 3. Bb5 Nf6 4. d3 d6 5. O-O a6 6. Bxc6+ bxc6 7. d4 exd4
8. Nxd4 c5 9. Nc6 Qd7 10. Na5 Qb5 11. Nb3 Be6 12. Nc3 Qb7 13. Qf3 a5 14.
Re1 Be7 15. Nd2 O-O 16. b3 Nd7 17. Bb2 Bf6 18. Na4 Rfe8 19. Qg3 Qb4 20.
Bxf6 Nxf6 21. c3 Qb8 22. e5 Nd7 23. exd6 cxd6 24. Ne4 Ra6 25. Rad1 Bf5 26.
Qd3 Rc6 27. Qd5 Bxe4 28. Rxe4 Nf6 29. Qxc6 Rxe4 30. Nb6 Qe8 31. Qxe8+ Nxe8
32. Kf1 Re7 33. Re1 Kf8 34. Rxe7 Kxe7 35. Nc4 a4 36. bxa4 d5 37. Ne3 Kd6
38. Ke2 Kc6 39. Kd3 Nd6 40. f3 f5 41. c4 d4 42. Nd5 g5 43. a5 Kb7 44. Nf6
Ka6 45. Nd7 Nb7 46. Nxc5+ Nxc5+ 47. Kxd4 Ne6+ 48. Ke5 Nf4 49. g3 Ne2 50.
Kxf5 h6 51. Kg6 Nd4 52. f4 gxf4 53. gxf4 Kxa5 54. f5 Kb6 55. f6 Kc6 56. f7
1-0

[Event "8th ch-Euro"]
[Site "Dresden GER"]
[Date "2007.04.07"]
[Round "5"]
[White "Bach,Mat"]
[Black "Kulaots,K"]
[Result "0-1"]
[WhiteElo "2364"]
[BlackElo "2525"]
[EventDate "2007.04.03"]

1. d4 Nf6 2. c4 c6 3. Nf3 d5 4. Nc3 dxc4 5. e4 b5 6. e5 Nd5 7. a4 e6 8. Ne4
h6 9. g4 Nd7 10. g5 Bb7 11. g6 f5 12. exf6 N5xf6 13. Qe2 c5 14. Nxc5 Bxc5
15. dxc5 Nxc5 16. Bg2 Nd3+ 17. Kf1 Be4 18. Ne1 Qd5 19. axb5 Nxe1 20. Bxe4
Nxe4 21. Kxe1 Ng5 0-1

[Event "8th ch-Euro"]
[Site "Dresden GER"]
[Date "2007.04.07"]
[Round "5"]
[White "Espig,L"]
[Black "Winants,L"]
[Result "1/2-1/2"]
[WhiteElo "2351"]
[BlackElo "2516"]
[EventDate "2007.04.03"]

1. Nf3 Nc6 2. d4 d5 3. Bf4 Bg4 4. e3 e6 5. c4 Bb4+ 6. Nc3 Nf6 7. h3 Bxf3 8.
Qxf3 Qe7 9. cxd5 Nxd5 10. Bb5 O-O 11. O-O Nxf4 12. Qxf4 e5 13. dxe5 Bxc3
14. bxc3 Nxe5 15. Rfd1 Rad8 16. Be2 1/2-1/2

[Event "8th ch-Euro"]
[Site "Dresden GER"]
[Date "2007.04.07"]
[Round "5"]
[White "Erdos,V"]
[Black "Bogner,S"]
[Result "1-0"]
[WhiteElo "2518"]
[BlackElo "2331"]
[EventDate "2007.04.03"]

1. d4 Nf6 2. c4 g6 3. Nc3 Bg7 4. e4 d6 5. Bd3 O-O 6. Nge2 c5 7. d5 e6 8. h3
exd5 9. exd5 Nbd7 10. f4 Ne8 11. O-O Nc7 12. Rb1 a6 13. Ne4 Ne8 14. f5 Ne5
15. N2g3 h6 16. Be3 b5 17. b3 Kh7 18. Nh5 bxc4 19. bxc4 Nxc4 20. Bxc4 gxh5
21. f6 Nxf6 22. Nxf6+ Bxf6 23. Qxh5 Bg7 24. Rxf7 Rxf7 25. Qxf7 Kh8 26. Bd3
c4 27. Bc2 Qg8 28. Qg6 Bd7 29. Kh1 Be8 30. Qxd6 Qf8 31. Qxf8+ Bxf8 32. Rb7
Bg7 33. Bb6 Be5 34. d6 Bc6 35. Rh7+ Kg8 36. d7 1-0

[Event "8th ch-Euro"]
[Site "Dresden GER"]
[Date "2007.04.07"]
[Round "5"]
[White "Michalczak,T"]
[Black "Stanojoski,Z"]
[Result "0-1"]
[WhiteElo "2332"]
[BlackElo "2504"]
[EventDate "2007.04.03"]

1. e4 c5 2. c3 d5 3. exd5 Qxd5 4. d4 Nf6 5. Nf3 Bg4 6. Nbd2 Nbd7 7. Bc4
Bxf3 8. Qxf3 Qxf3 9. Nxf3 e6 10. O-O Rc8 11. Bb3 cxd4 12. Nxd4 Bc5 13. Rd1
a6 14. Bg5 h6 15. Bxf6 Nxf6 16. Rd3 O-O 17. Rad1 Rfe8 18. Kf1 g6 19. h3 Kg7
20. Nc2 h5 21. Ne3 Rc7 22. Ke2 Ree7 23. Rd8 Bxe3 24. Kxe3 Nd7 25. h4 Ne5
26. g3 Nc6 27. R8d2 Na5 28. Rd8 Kf6 29. R8d4 Rc5 30. Rf4+ Kg7 31. Rfd4 Rb5
32. Rb4 Rxb4 33. cxb4 Nxb3 34. axb3 Rc7 35. Rd6 Rc2 36. Rb6 Rxb2 37. Rxb7
Rxb3+ 38. Ke2 a5 39. b5 Kf6 40. b6 e5 41. Ra7 Rxb6 42. Rxa5 Kf5 43. Kf3 f6
44. Ra3 Rb4 45. Rc3 g5 46. hxg5 Kxg5 47. Ra3 h4 48. gxh4+ Rxh4 49. Ke2 Rb4
50. Rg3+ Kf5 51. Rf3+ Ke6 52. Ra3 Rb2+ 53. Kf3 Kf5 54. Rc3 Kg5 55. Re3 Rb4
56. Ra3 f5 57. Ra2 Rb3+ 58. Ke2 e4 59. Rc2 Kg4 60. Ra2 f4 61. Rc2 Ra3 62.
Rb2 f3+ 63. Ke1 e3 64. Rb4+ Kh3 65. fxe3 Kg3 66. Rb8 f2+ 0-1